Before social anthropology : essays on the history of British anthropology

Saved in:
Bibliographic Details
Main Author: Urry, James
Format: Book
Language:English
Published: Berkshire : Harwood Academic Publishers, c1993
Series:Studies in anthropology and history ; ; 6
Subjects:
Tags: Add Tag
No Tags, Be the first to tag this record!

MARC

LEADER 00000nam a2200000 i 4500
001 1/69208
008 981102s1993 eng d
020 |a 3-7186-5292-7 
035 |l 10030336 
040 |a GR-MY-UA  |b gre  |e aacr 
041 0 |a eng 
082 0 |a 301.0941 
100 1 |a Urry, James. 
245 1 0 |a Before social anthropology :  |b essays on the history of British anthropology /  |c James Urry 
260 |a Berkshire :   |b Harwood Academic Publishers,   |c c1993 
300 |a 174 p. 
490 1 |a Studies in anthropology and history  |v ; 6  |x 1055-2464 
504 |a Includes bibliographical references  
650 0 0 |a Anthropology  |z Great Britain  |x History. 
830 0 |a Studies in anthropology and history ;  |v ; 6  |x 1055-2464 
852 |a INST  |b LESVOS  |e 19981102  |h 301.0941 URR  |p 005100018354  |q 005100018354  |t BK  |y 0 
901 |a BIBL-1999-1 
909 |a Λ  |b 060010 
922 |a 1ΕΛΗ  |b 199810  |c ΚΠΣ/ΤΚΑ  |d ΠΑΠΑΣΩΤΗΡΙΟΥ 
950 |a 117-1998-07-12